000
00299nam a2200109Ia 4500
008
171204s9999 xx 000 0 und d
245
_a
Old China's New Economy:
245
_c
T K Bhaumik
260
_c
2009
650
_x
Politics and Sociology
856
_u
http://down.ebook777.com/063/8178298627.pdf
999
_c
345600
_d
345600